000 00344nam a2200145Ia 4500
008 230312s9999||||xx |||||||||||||| ||und||
020 _a1-861002-77-7
082 _a005.133
_bAYE-P
100 _aAyers;Danny
245 0 _aProfessional Java server programming
260 _bWrox
_aUK
_c1999
300 _a1120
650 _aComputer
942 _cBK
999 _c1909
_d1909